Segunda antología griega /

Guardado en:
Autor Principal: Galiano, Manuel F.
Formato: Libro
Publicado: Madrid : Gredos, 1962.
Materias:
Etiquetas: Agregar Etiqueta
Sin Etiquetas, Sea el primero en etiquetar este registro!
LEADER 00451nam a22001575a 4500
001 EUN.um054970
003 AR-BaUNS
005 20050623122920.0
008 041125s1962####sp############000#0#####d
245 1 0 |a Segunda antología griega /  |c Manuel F. Galiano. 
260 |a Madrid :  |b Gredos,  |c 1962. 
300 |a 258 p. 
100 1 |a Galiano, Manuel F. 
082 0 4 |a 880.8 
653 |a Literatura griega:antologia 
859 |a Ar-BaUNS  |b Dto. Humanidades  |h 880.8  |i G133-1  |p 1106/965